Vista normal
Vista MARC
Entrada Personal Name
Número de registros utilizados en: 2
001 - CONTROL NUMBER
- control field: 1731
003 - CONTROL NUMBER IDENTIFIER
- control field: AR-BaISA
005 - DATE AND TIME OF LATEST TRANSACTION
- control field: 20200221103619.0
008 - FIXED-LENGTH DATA ELEMENTS
- fixed length control field: 200221|| aca||aabn | a|a d
040 ## - CATALOGING SOURCE
- Original cataloging agency: AR-BaISA
100 10 - HEADING--PERSONAL NAME
- Personal name: Wilson, David




